[Event "EU-ch 2nd"]
[Site "Ohrid"]
[Date "2001.06.04"]
[Round "4"]
[White "Rechlis, Gad"]
[Black "Zueger, Beat"]
[Result "1-0"]
[WhiteElo "2525"]
[BlackElo "2448"]
[Annotator "Finkel,A"]
[PlyCount "125"]
[EventDate "2001.06.01"]
[EventType "swiss"]
[EventRounds "13"]
[EventCountry "YUG"]
[SourceTitle "CBM 084"]
[Source "ChessBase"]
[SourceDate "2001.09.13"]
[SourceVersion "1"]
[SourceVersionDate "2001.09.13"]
[SourceQuality "1"]

1. e4 {Hecht} e6 2. d4 d5 3. Nc3 Nf6 4. e5 Nfd7 5. f4 c5 6. Nf3 Nc6 7. Be3 cxd4
8. Nxd4 Qb6 9. Qd2 Qxb2 10. Rb1 Qa3 11. Bb5 Nxd4 12. Bxd4 Bb4 13. O-O O-O 14.
Rb3 Qa5 15. Qe3 (15. Qf2 f6 (15... f5 16. Rfb1 Be7 17. Bxd7 Bxd7 18. Rxb7 Qd8
19. Bc5 $16 {Kruppa,Y-Kaidanov,G/Naberezhnie Chelni 1988}) 16. Bxd7 Bxd7 17.
exf6 gxf6 18. Rfb1 Bd6 19. Qg3+ Kh8 20. Rxb7 $16 {Kruppa,Y-Nikolenko,O/
Budapest 1990/CBM 17}) (15. f5 Qxb5 $2 16. f6 $1 h6 17. fxg7 Kxg7 18. Qf4 Qc4
19. Nb5 $1 $18 {Solodovnichenko,Y-Timoshenko,I/Alushta 1999/CBM 70}) 15... Nb6
16. Qg3 (16. f5 exf5 17. e6 fxe6 18. Bxg7 Kxg7 19. Qd4+ Rf6 20. Rxb4 Nc4 $13 {
Gallagher,J-Zueger,B/Biel 1998/EXT 99}) 16... Nc4 17. f5 Rd8 (17... exf5 $6 18.
e6 $1 f6 19. Rxb4 Qxb4 20. e7 Qxe7 21. Nxd5 Qe2 22. Bxf6 $16 {Pavasovic,
D-Zueger,B/Portoroz 1998/EXT 99}) 18. Rf4 $5 {Only this move appears to be a
novelty! In any case it leads to extremly complicated position with good
attacking chanses for white.} (18. Qh4 Bf8 19. Na4 exf5 $6 20. Nb6 axb6 21.
Qxd8 Be6 22. Qh4 Qd2 23. Qf2 $14 {Peptan,C-Zueger,B/Biel 1998/EXT 99}) 18...
Bf8 (18... exf5 $2 19. e6 g6 20. exf7+ Kxf7 21. Qh4 $18 {[%csl Rf7][%cal Gh4f6,
Gh4h7]}) 19. f6 g6 20. Rh4 $5 {Starting a forced play with quiet unclear
consequances} a6 (20... Nd2 21. Qh3 h5 $8 22. Rxh5 $1 gxh5 23. Qxh5 Nxb3 24.
Bd3 $3 {[%csl Gh7]} Bg7 25. Qh7+ Kf8 26. Qxg7+ Ke8 27. Bb5+ Qxb5 28. Nxb5 $18)
21. Qh3 h5 22. Rxh5 gxh5 23. Qxh5 axb5 24. Kf2 $3 {The 'poente' of white's
combination! Now white threatens to move the knight bringing his rook to attack
} (24. Ne4 $4 Qe1#) 24... Qa3 $8 {black has enough material to give back the
queen!} (24... Bd7 $2 25. Ne4 Qa3 26. Ng5 $18) 25. Nxb5 Qxb3 26. axb3 Na3 27.
Nd6 $2 (27. Nc7 $1 Bd7 (27... Ra5 28. b4 $1 Ra4 29. Bc5 $18 {[%csl Rg8]}) 28.
Nxa8 Rxa8 29. b4 $1 {[%cal Gd4c5]} Rc8 $8 30. Qg4+ Kh7 31. Qh3+ $18 {[%cal
Gh3a3,Gh3h7]}) (27. Be3 $1 {[%cal Ge3h6]} Nxb5 28. Bh6) 27... Rxd6 $8 28. Bc5
Nb5 $8 29. exd6 Bd7 30. Be3 Nxd6 31. Bh6 Bxh6 32. Qxh6 Ne8 $11 {Bringing
another defender! '+/=' Hecht. Etwa gleiche Aussichten für beide Seiten, wobei
Weiß das Remis jederzeit in der Tasche hat. Der Spieler mit den besseren
Nerven gewinnt.'} 33. Ke3 {White always have the possibility to give the
perpetual, but he keeps on playing for win, although his position isn't better
any more.} Ra6 {[%cal Ge6e5]} 34. Qg5+ Kh7 (34... Kf8 $5) 35. Qh5+ Kg8 36. Qe5
Rd6 {[%cal Gd5d4]} 37. Kd4 Rc6 38. Kd3 d4 $1 {Bringing bishop to play} 39. h4
Rd6 40. Qg5+ Kh7 41. Qh5+ Kg8 42. Qc5 $6 {Extremly risky continuation, leading
to black's advantage.} (42. Qg5+ $11) 42... Rd5 43. Qe7 Bb5+ 44. Kd2 Rf5 $17 (
44... Nd6 $5 {Hecht} 45. g4 Ne4+ 46. Kc1 $13) 45. g4 Rf2+ 46. Kc1 Nxf6 47. Qxb7
$5 (47. Qd8+ Kh7 48. Qxd4 Rf1+ 49. Kb2 $13) 47... Rf1+ 48. Kb2 Nd5 (48... Be2)
49. Qa7 $2 (49. Qxb5 Rb1+ 50. Ka3 Ra1+ 51. Kb2 $11) 49... Rd1 $6 (49... d3 $1
50. Qb8+ (50. cxd3 Bxd3 51. Qb8+ Kh7 $17) 50... Kg7 51. Qxb5 Rb1+ 52. Kxb1 (52.
Ka3 dxc2 $19) 52... Nc3+ 53. Kb2 Nxb5 54. cxd3 f5 $17) 50. g5 Be2 (50... d3 $1)
51. Qb8+ Kh7 $2 (51... Kg7 52. Qe5+ Kg6 (52... Kg8 {Hecht} 53. Qxe2 Rb1+ 54.
Ka3 Ra1+ $11) 53. Qxe2 Rb1+ $11) 52. Qf8 $1 {[%csl Rf7]} Rf1 53. h5 {'!' Hecht.
} (53. Qh6+ Kg8 54. g6 Nf6 $1 (54... fxg6 55. Qxg6+ Kf8 56. Qxe6 $16) 55. g7
Nh7 56. Qd2 d3 57. cxd3 Bh5 $17) 53... Rf5 54. h6 $1 Rxg5 55. Qxf7+ Kh8 (55...
Kxh6 $2 56. Qxe6+ $18) 56. Qe8+ Kh7 57. Qd7+ Kh8 58. Qxe6 {Hecht: 'Schwarz hat
die Stützpunkte für seine Figuren verloren.'} d3 $6 (58... Bh5 59. b4 $16) (
58... Bg4 {Hecht} 59. Qf7 Bh5 60. Qd7 $22) 59. c4 $18 Rg2 {'?' Hecht.} (59...
Bg4 $1 {Hecht} 60. Qe8+ Kh7 61. Qd8 Kxh6 62. Kc1 {[%csl Rd5]} Be6 63. Qd6 Kg7
64. cxd5 (64. Qxe6 {Hecht} Rg1+ 65. Kb2 (65. Kd2 {Hecht} Rg2+ $19) 65... d2 66.
Qd7+ Kg6 67. Qe8+ Kg7 $11) 64... d2+ 65. Kd1 Bf7 $11) 60. Qe8+ Kh7 61. Qe4+
Kxh6 (61... Rg6 {Hecht} 62. Qxd5 Kxh6 63. c5 $18) 62. Qxg2 Nf4 63. Qg3 1-0

[Event "EU-Cup 13th final play-off"]
[Site "Kazan"]
[Date "1997.12.30"]
[Round "4"]
[White "Socko, Bartosz"]
[Black "Dolmatov, Sergey"]
[Result "1/2-1/2"]
[WhiteElo "2435"]
[BlackElo "2565"]
[Annotator "Finkel,A"]
[PlyCount "129"]
[EventDate "1997.12.30"]
[EventType "team-match"]
[EventRounds "1"]
[EventCountry "RUS"]
[SourceTitle "EXT 2020"]
[Source "ChessBase"]
[SourceDate "2019.10.17"]
[SourceVersion "1"]
[SourceVersionDate "2019.10.17"]
[SourceQuality "1"]
[WhiteTeam "Warszawa Polonia"]
[BlackTeam "Azov Ladya"]
[WhiteTeamCountry "POL"]
[BlackTeamCountry "RUS"]

1. e4 e6 2. d4 d5 3. Nc3 Nf6 4. e5 Nfd7 5. f4 c5 6. Nf3 Nc6 7. Be3 cxd4 8. Nxd4
Bc5 9. Qd2 Nxd4 10. Bxd4 Bxd4 11. Qxd4 Qb6 12. O-O-O ({Another popular
continuation is} 12. Nb5 $5) 12... Qxd4 13. Rxd4 Ke7 14. g3 (14. Bb5 $5 Nb6 15.
Rf1 g6 16. Rf3 h5 17. a4 $5 a5 18. Rfd3 Bd7 19. Bxd7 Nxd7 20. Ne4 $1 $36 {
Szalanczy,E-Somlai,L/Zalakaros op 1992 (41)}) (14. h4 $5 h5 15. Be2 (15. Rh3 g6
16. Nb5 $5 Nb8 17. c4 Nc6 18. Rd2 Rb8 19. Rc3 $14 {Mencinger Vojko-Brezovar M/
It (open), Ljubljana (Slovenia) 1995 (67)}) 15... Nb8 16. Rd2 Bd7 (16... Nc6
17. Rhd1 Bd7 18. Ne4 $1 $36) 17. Rhd1 g6 18. b3 $1 {[#]} Bc6 (18... Nc6 19. Ne4
$1 $16) (18... a6 19. a4 Bc6 20. Kb2 Nd7 21. a5 Rhb8 22. Rd4 Nc5 23. Rb4 $14 {
Dreev,A-Bareev,E;1991,1-0}) 19. Bf3 Nd7 20. Ne2 Rhc8 21. Nd4 $1 {White is
better, but Black has a solid position.} Rc7 22. Kb2 Nb6 23. Rd3 $1 $14 {
Leko,P-Ruzele,D/Debrecen/1992} (23. a4 Bxa4 $1 $13 24. bxa4 Nc4+)) (14. Be2 Nb8
15. Re1 $5 (15. Rd2 Bd7 16. Bb5 a6 17. Bxd7 Nxd7 18. Rd4 Rac8 19. Nd1 {1/2-1/2
Ehlvest,J-Gurevich,M/URS-ch54 Minsk 1987}) 15... Nc6 16. Rd2 Bd7 17. Nb5 g5 18.
g3 gxf4 19. gxf4 Rhg8 20. Nd6 f6 21. c4 $1 fxe5 22. cxd5 exd5 23. fxe5 Be6 24.
Bf3 Raf8 $1 $10 {Abramovic,B-Kajdanov,G/New York/1990}) 14... Nb8 $5 {
Transfering the knight to c6 which is the most natural place for it.} (14... g6
15. Bg2 h5 16. Rhd1 Nb6 17. Na4 Nxa4 18. Rxa4 Bd7 19. Rad4 $14 {Westerinen,
H-Schmittdiel,E/BL2-W 1989 (65)}) 15. Bg2 Nc6 16. Rd2 Rd8 17. h4 $6 {Permiting
black to close the kingside and by this to solve opening problems.Better was} (
17. g4 Bd7 $5 (17... g5 $2 18. fxg5 Rg8 (18... Nxe5 $6 19. Re1 $1 Nxg4 (19...
Kd6 20. Bxd5 $1) 20. Nxd5+ Kf8 21. Nc7 $1 Rxd2 22. Kxd2 Rb8 23. h3 $18) 19. h4
Nxe5 20. Re1 Nxg4 21. Nxd5+ Kf8 22. Nc7 Rb8 23. Rd8+ $16) 18. h4 Rac8 19. Re1
Na5 20. Ne2 Nc4 21. Rd3 $14) 17... h5 18. Rhd1 (18. f5 $5 exf5 (18... Nxe5 $6
19. fxe6 Bxe6 20. Nxd5+ Kf8 21. Nc7 Rxd2 22. Nxe6+ fxe6 23. Kxd2 Rd8+ 24. Kc1
$14) 19. Nxd5+ Kf8 20. Nc7 Rxd2 21. Kxd2 Rb8 22. Re1 Be6 $11) 18... Bd7 19. Ne2
Rac8 20. Kb1 g6 21. c3 {White's position seems better but the problem is that
it's extremly difficult to breakthrough rock-solid position of black.For the
next 20 moves both sides try to create weaknesses in the opponent's camp and
position does'nt change much.} Rc7 22. Bf1 Rdc8 23. Ng1 a6 24. Nf3 Na7 25. Nd4
Bb5 26. Bg2 (26. Nxb5 $5 Nxb5 27. Bxb5 axb5 28. Rd4 Rc4 29. Kc2 Kd7 30. Kb3 $14
) 26... Ba4 27. Re1 Nc6 28. Nf3 (28. Nxc6+ Bxc6 29. Rc1 Bb5 30. Rd4 a5 31. Re1
b6 $11) 28... Na5 29. Bf1 Bd7 30. Nd4 Nc6 31. Nb3 Na7 32. Nd4 Bb5 33. Bg2 Bd7
34. Bf3 Nc6 35. Nb3 Rh8 36. Be2 Na7 37. Nd4 Nc6 38. Nf3 Na7 39. Ng5 Bb5 40. Bf3
Bd7 41. Kc1 Bb5 42. Kb1 Bd7 43. Nh3 Bb5 44. f5 $5 {[%csl Rh5] Finaly deciding
to make an attempt to create something on the board,but arising complication
don't bring anything to white.} gxf5 45. Nf4 Rcc8 $1 46. Nxh5 Rcg8 47. Kc2 Nc6
48. Rg2 Rc8 $1 {Preparing d4 with initiative.} 49. Kd2 d4 $15 50. Nf4 (50. cxd4
$2 Nxd4 51. Bd1 Rxh5 $5 52. Bxh5 Rc2+ 53. Ke3 Rxg2 54. Kxd4 Rxg3 $17) 50...
dxc3+ 51. bxc3 Rhd8+ 52. Kc1 Nd4 53. Bd1 Rxc3+ 54. Kb2 Rc4 (54... Rc5 $5 55.
Rd2 $8 Nc6 56. Rxd8 Nxd8 (56... Kxd8 $2 57. h5 Rxe5 58. Rh1 $1 $18 {[%cal
Gh5h8]}) 57. h5 Rc8 $1 58. h6 Nc6 $17) 55. h5 Rdc8 56. Bb3 Nxb3 $6 {Without
the knight black's advantage is not so significient.} (56... R4c5 $5 $17) 57.
axb3 R4c5 58. h6 Bc6 59. Rd2 Rh8 60. Rh2 Be4 61. g4 Rhc8 (61... Rxe5 $6 62. g5
Rc5 63. g6 Rcc8 $8 64. h7 Kf6 65. Rg1 fxg6 66. Rxg6+ $1 Ke5 67. Nxe6 $44) 62.
Ka3 $132 Ra5+ 63. Kb2 Rac5 64. Ka3 Ra5+ 65. Kb2 1/2-1/2

[Event "Elgoibar 07th"]
[Site "Elgoibar"]
[Date "1997.11.27"]
[Round "2"]
[White "Korneev, Oleg"]
[Black "Lima, Darcy Gustavo Macha"]
[Result "1-0"]
[WhiteElo "2565"]
[BlackElo "2475"]
[Annotator "Finkel,A"]
[PlyCount "116"]
[EventDate "1997.11.26"]
[EventType "tourn"]
[EventRounds "9"]
[EventCountry "ESP"]
[EventCategory "10"]
[SourceTitle "CBM 063"]
[Source "ChessBase"]
[SourceDate "1998.03.26"]
[SourceVersion "1"]
[SourceVersionDate "1998.03.26"]
[SourceQuality "1"]

1. e4 e6 2. d4 d5 3. Nd2 Nf6 4. e5 Ne4 5. Nxe4 dxe4 6. Bc4 a6 7. Bb3 (7. c3 $5
c5 8. Ne2 Nc6 9. O-O Na5 10. Bb3 Nxb3 11. Qxb3 b5 12. Be3 c4 13. Qc2 Bb7 14.
Ng3 Qh4 15. a4 $1 $14 {Rogers,I-Visser,Y/Oostende op 1992 (32)}) (7. a4 b6 8.
Ne2 (8. Nh3 Bb7 (8... Nc6 $6 9. c3 Bb7 10. O-O h6 11. Qh5 $1 g6 12. Qg4 Ne7 13.
Nf4 Nf5 $2 14. Nxe6 $1 $18 {Levacic,P-Marinescu,M/Cannes opB18th 1997 (26)}) 9.
Nf4 (9. O-O $5 c5 10. c3 Nc6 11. Be3 cxd4 12. cxd4 Nb4 13. Nf4 Be7 14. Qg4 g6
15. Rac1 $14 {Seifert,H-Przewoznik,J/Bielsko Biala op 1990 (40)}) 9... Nc6 10.
Be3 Ne7 11. Qg4 g6 12. O-O h5 13. Qe2 Bh6 14. Rad1 Nf5 $13 {Pedzich,
D-Przewoznik,J/POL-ch Warszawa 1990 (34)}) 8... Bb7 9. O-O c5 10. c3 cxd4 (
10... Nc6 11. Be3 Rc8 12. Bb3 cxd4 13. cxd4 Nb4 $1 14. Nf4 g6 15. Qg4 $14 {
Psakhis,L-Kobalija,M/Vienna Open 1996/1-0 (56)}) 11. cxd4 Be7 $6 12. Nc3 Bb4 $2
13. Be3 Bxc3 14. bxc3 Bd5 15. Bxd5 Qxd5 16. Qg4 $16 {Ginzburg,M-Wolrich,C/WchJ
Verdun 1995 (22)}) (7. d5 $6 b5 8. Bb3 Bb7 9. dxe6 Qxd1+ 10. Kxd1 fxe6 11. Bxe6
Nc6 $36 12. Bf4 Bc5 13. Nh3 Nd4 14. Bb3 e3 $1 $17 {Pergel,L-Kobalija,M/EU-chJ
U16 Herculane 1994 (34)}) 7... b5 8. Ne2 c5 9. c3 Bb7 (9... cxd4 10. cxd4 Bb4+
(10... Bb7) 11. Bd2 Bxd2+ 12. Qxd2 Bb7 13. Bc2 f5 $6 (13... Nd7 14. Ng3 $14)
14. exf6 gxf6 15. O-O Nd7 16. Nf4 Nf8 (16... Qe7 17. d5 $16) 17. Qe3 f5 18. f3
$16 {Kuporosov,V-Przewoznik,J/Karvina 1992 (18)}) 10. O-O Nc6 11. Be3 Be7 $6 {
After this move white gets a big advantage.Better was} (11... Qh4 $5 12. f4 Rd8
$5 (12... exf3 13. Rxf3 Be7 14. Nf4 $36 {[%csl Rh4]}) 13. Qe1 Qxe1 14. Raxe1
cxd4 15. Nxd4 Na5 16. Bc2 Nc4 17. Bc1 $14 {Mortensen,E-Binham,T/Helsinki 1983 
(56)}) 12. Ng3 h5 $6 13. Nxh5 $5 {This move also gives white an advantage,but
he had even better options:} (13. f3 $1 cxd4 14. cxd4 Na5 (14... Qb6 15. fxe4
Nxe5 16. Nxh5 Nc4 17. Bxc4 bxc4 18. Nxg7+ Kf8 19. Qf3 $1 $18) 15. Nxe4 Nxb3 16.
Qxb3 Bd5 17. Qc2 Rc8 18. Qf2 $16) (13. Bc2 $5 $16) 13... g6 14. Nf4 {Giving
black some counterchanses.} (14. Ng3 $1 $16) 14... cxd4 15. cxd4 Na5 16. Bc2
Nc4 17. Qb1 $6 {White's play in the opening is not very convincing.} (17. b3 $5
Na3 $1 18. Rc1 Rc8 19. Qd2 Nxc2 20. Rxc2 Rxc2 21. Qxc2 $16) 17... Bg5 18. Bxe4
Bxf4 19. Bxf4 Qxd4 $1 {Suddenly the position becomes not so clear!} 20. Bxb7 (
20. Re1 $5 Bxe4 21. Qxe4 Qxe4 22. Rxe4 Nxb2 23. Bg5 $1 $36 {[%csl Re8]}) 20...
Qxf4 21. g3 Qh6 22. h4 Rb8 (22... Nd2 $2 23. Qc2 $18) 23. b3 $5 (23. Qe4 Nxe5
24. Bxa6 Qh5 25. Kg2 O-O 26. Rfd1 $16) 23... Nxe5 24. Qe4 O-O 25. Bxa6 Qh5 26.
Bb7 $1 {The hardworking bishop is coming back!} Rfd8 27. Rac1 Rd7 28. Bc6 Rd2 (
28... Nxc6 $5 29. Rxc6 Rd2 30. a3 Ra2 31. Qf4 Rf8 32. Rb6 $16) 29. b4 $5 Rxa2 (
29... Re2 30. Qf4 $1 (30. Qb1 Nxc6 31. Rxc6 Qf3 32. Rc2 Rd8 $14) 30... Nxc6 31.
Rxc6 e5 32. Qf6 Rxa2 33. Rfc1 $16) 30. Rc5 $1 f6 31. Qd4 {The exposed position
of black king makes the defense quiet difficult.} Qg4 $8 32. Qxg4 Nxg4 33. Bxb5
Rb2 34. Bd7 R2xb4 35. Bxe6+ Kg7 36. Rc7+ Kh6 37. Bxg4 Rxg4 38. Rd1 {The
endgame is definitly drawn,but after tough defense in previous stages of the
game black makes few mistakes and loses.} g5 39. hxg5+ Rxg5 40. Rdd7 Rb2 $6 (
40... Rbg8 $5) 41. Kg2 Rg8 42. Rh7+ Kg6 43. Rh4 Rb5 44. f4 Ra8 45. Rhh7 Rb3 46.
Rcg7+ Kf5 47. Rh5+ Ke6 48. Rc5 Kd6 $6 49. Rc2 Raa3 50. Kh3 Ke6 51. Kh4 Rf3 $2 {
This is losing immediatly.Better was} (51... Kf5 52. Rc4 Ke6 53. Rc6+ Kf5 54.
g4+ Kxf4 55. Rxf6+ Ke5 56. Kg5 $16) 52. Rc6+ Kf5 53. g4+ $1 Kxf4 54. Rxf6+ Ke5
55. Rxf3 Rxf3 56. g5 Ke6 57. Kh5 Ra3 58. Kg6 Ra8 1-0

[Event "Excelsior Cup"]
[Site "Gothenburg"]
[Date "1999.01.10"]
[Round "4"]
[White "Hector, Jonny"]
[Black "Hillarp Persson, Tiger"]
[Result "1/2-1/2"]
[WhiteElo "2542"]
[BlackElo "2482"]
[Annotator "Finkel,A"]
[PlyCount "62"]
[EventDate "1999.01.07"]
[EventType "tourn"]
[EventRounds "9"]
[EventCountry "SWE"]
[EventCategory "10"]
[SourceTitle "CBM 069"]
[Source "ChessBase"]
[SourceDate "1999.04.01"]
[SourceVersion "1"]
[SourceVersionDate "1999.04.01"]
[SourceQuality "1"]

1. e4 Nf6 2. Nc3 d5 3. e5 Nfd7 4. d4 c5 5. Nf3 Nc6 6. Bb5 e6 7. O-O a6 8. Bg5
$6 {Dubious decision.Bishop has got nothing to do on g5.More logical is} (8.
Bxc6 bxc6 9. b3 (9. Re1 h6 $6 (9... Be7 10. dxc5 Bxc5 (10... Nxc5 $6 11. Nd4 $1
Bd7 12. Qg4 Kf8 13. Nf3 h6 14. h4 $1 Rb8 15. h5 $14 {Odeev,H-Danielian,O/
Voskresensk 1993 (29)}) 11. Ng5 h6 12. Nh3 Qh4 $5 13. Qe2 g5 14. Nd1 Rg8 15. c3
a5 $1 $36 {Torre,E-Tatai,S/Madonna di Campiglio 1973}) 10. a3 a5 11. Ne2 g6 12.
h4 $5 Bg7 13. h5 g5 14. dxc5 Nxc5 15. Ng3 O-O 16. Nh2 $36 {Shabanov,Y-Lobach,P/
RUS-chT 1996 (28)}) (9. Na4 $5 cxd4 (9... Rb8 10. c3 c4 11. b3 cxb3 12. axb3 a5
13. Re1 Be7 14. Ba3 Bxa3 15. Rxa3 $14 {Gurgenidze,B-Chikovani,Y/Gori 1968 (42)}
) 10. Qxd4 c5 11. Qg4 Qc7 12. Re1 h6 13. h4 g6 14. b3 Nb8 15. c4 d4 $13 {
Lehmann,H-Tatai,S/Malaga 1970}) (9. Ne2 $5 cxd4 10. Qxd4 Qc7 11. Bf4 Be7 12.
Rfe1 Rb8 13. Rab1 O-O 14. Qd2 Nb6 15. b3 Bb7 16. Ng3 $36 {[%csl Rg8][%cal
Gg3h5,Gf4h6] Dunnington,A-Klinger,J/Oakham YM 1986 (39)}) 9... cxd4 10. Qxd4 c5
11. Qg4 Bb7 12. Re1 h6 13. Qh3 Be7 $13 {Martorelli,A-Psakhis,L/Catania op 1995
(32)}) 8... Qc7 9. Bxc6 bxc6 10. Ne2 cxd4 11. Qxd4 c5 $15 12. Qh4 $6 {
Sacrificing a pawn and getting nothing in return!Better was} (12. Qc3 Bb7 13.
b4 Rc8 14. bxc5 Bxc5 15. Rab1 O-O 16. Be3 Rb8 $15 {with slightly worse
position.}) 12... Nxe5 13. Nxe5 Qxe5 14. Nc3 h6 $5 ({Another nice possibility
was} 14... Bd6 15. Rfe1 Qf5 16. Rad1 O-O 17. Be7 Bxe7 18. Qxe7 c4 $17 {with
good chanses to win the game.}) 15. Bf4 Qf6 16. Qg3 Qg6 17. Nxd5 $5 {Of course
this sacrifice doesn't realy work out,but it's probably the best practical
chanse to fight for th survival.} exd5 18. Rfe1+ Kd8 {It's better than} (18...
Be7 19. Bd6 Ra7 20. Bxe7 Rxe7 21. Qc7 $5 (21. Rxe7+ Kxe7 22. Qc7+ Kf6 23. Qxc5
Qf5 $19) 21... Be6 $8 22. Qb8+ Kd7 23. Qb7+ Kd8 24. Qa8+ Bc8 25. Qxd5+ Rd7 26.
Qxc5 $17 {and white has some chanses to hold.}) 19. Qf3 Ra7 $1 {The best way
to defend.} (19... Be6 $2 20. Rad1 Ra7 21. Rxd5+ $1 Bxd5 22. Qxd5+ $18) (19...
Bb7 $5 20. Rad1 Qc6 21. Rxd5+ $1 Qxd5 22. Rd1 {[%cal Gd1d8]} Qxd1+ 23. Qxd1+
Ke8 24. Qe2+ Kd7 25. Qg4+ Kc6 26. Qf3+ Kb6 27. Qb3+ Ka7 28. Qxf7 Rd8 $17) 20.
Qxd5+ Rd7 21. Qb3 Bb7 {[%csl Rg2][%cal Gb7g2]} 22. f3 Bd6 $19 {Now,when black
has compleated development of the pieces and his king is perfectly safe ,the
only thing that can save white is the miracle and we all now that in chess
they do happen!} (22... Be7 $5 23. Rad1 Rxd1 24. Rxd1+ Kc8 $19) 23. Rad1 Kc8
24. Rd3 Rhd8 (24... Re7 $5 25. Rxd6 Rxe1+ 26. Kf2 Re6 27. Qb6 Qxc2+ 28. Kg3
Rg6+ 29. Kh4 Qf2+ $19) 25. Bxd6 Rxd6 26. Re7 Bxf3 $6 {Not missing the win yet,
but shurely making the life more difficult.Why not} (26... Rb6 $5 27. Qc3 (27.
Rxd8+ Kxd8 28. Qe3 Re6) 27... Rxd3 28. cxd3 Qd6 29. Rxf7 Qd4+ 30. Qxd4 cxd4 31.
b3 g5 $19 {and the win is not far away?}) 27. Rxf3 Rd1+ 28. Kf2 R1d2+ $2 {
This move doesn't spoil anuthing because black still can make the right choice:
} (28... R8d2+ $1 29. Re2 Qe4 $1 30. Qe3 (30. Rfe3 $4 Qf4+ 31. Rf3 Rxe2+ 32.
Kxe2 Qd2#) (30. Rxd2 Qe1#) 30... Rxe2+ 31. Qxe2 Qh4+ 32. Rg3 Qd4+ 33. Qe3 (33.
Kf3 $6 Qf6+ 34. Ke3 Rd4 $1 $19) 33... Rd2+ 34. Kf1 Qxe3 35. Rxe3 Rxc2 $19 {
and the rooks ending is winning for black.}) 29. Ke1 Rd1+ 30. Kf2 R1d2+ $2 31.
Ke1 Rd1+ 1/2-1/2

[Event "RUS-Cup01 Chigorin Memorial"]
[Site "St Petersburg"]
[Date "1997.11.05"]
[Round "5"]
[White "Shaposhnikov, Evgeny"]
[Black "Smikovski, Ivan"]
[Result "1/2-1/2"]
[WhiteElo "2380"]
[BlackElo "2490"]
[Annotator "Finkel,A"]
[PlyCount "84"]
[EventDate "1997.11.01"]
[EventType "swiss"]
[EventRounds "9"]
[EventCountry "RUS"]
[SourceTitle "CBM 062"]
[Source "ChessBase"]
[SourceDate "1998.01.31"]
[SourceVersion "1"]
[SourceVersionDate "1998.01.31"]
[SourceQuality "1"]

1. e4 e6 2. d4 d5 3. Nc3 Nf6 4. e5 Nfd7 5. f4 c5 6. Nf3 Nc6 7. Be3 a6 8. Qd2 b5
9. Bd3 b4 10. Nd1 c4 11. Be2 h5 (11... a5 $5 12. O-O g6 13. g4 Nb6 14. Bf2 Be7
15. Ne3 h5 16. h3 Ba6 17. Kg2 $14 {Zulfugarli,M-Pereyra Arcija,D/World Juniors,
Zagan POL 1997 (44)} (17. c3 $5)) (11... Nb6 $5 12. O-O Be7 13. Bf2 (13. Qe1 a5
14. Qg3 g6 15. Nf2 Ba6 16. Ng4 Qc7 $1 {/\ 17...c3 18.Ba6 cb2} (16... h5 $2 17.
Nf6+ Bxf6 18. exf6 Nd7 19. Ne5 Ndxe5 20. dxe5 $16) (16... c3 17. Bxa6 Rxa6 18.
b3) 17. Rf2 $6 (17. Rae1 $5 $13) 17... h5 18. Nf6+ Bxf6 19. exf6 Nd7 20. Qg5
Qd8 21. Ne5 Ndxe5 22. dxe5 $2 (22. fxe5 Qb6 $5 $15) 22... d4 23. Bf3 (23. Rd1
Qb6 $17) 23... dxe3 $17 {Franzoni,G-Dreev,A/Luzern 1993 (37)}) 13... g6 14. Ne3
a5 15. Bg3 $6 Bd7 16. b3 cxb3 $5 17. axb3 a4 $132 {Stripunsky,A-Dreev,A/Rostov
op 1993 (35)}) 12. O-O g6 (12... Be7 13. a3 Rb8 (13... bxa3 $5 $13) 14. axb4
Bxb4 15. c3 Be7 16. Ng5 Nf8 17. Qc2 Qb6 (17... Bxg5 $5 18. fxg5 Ne7 $13) 18.
Bxc4 $1 dxc4 19. d5 Bc5 20. dxc6 Bxe3+ 21. Nxe3 Qxe3+ 22. Kh1 $36) (12... a5 $5
) 13. Bf2 $1 $14 {[%cal Gf2h4]} Be7 14. Ne3 Bb7 15. c3 Qa5 (15... a5 16. Qe1 {
[%cal Gf2h4]} h4 17. g4 hxg3 18. hxg3 Qb6 19. Kg2 O-O-O 20. Qd2 $14 {[%cal
Gf1h1,Gg3g4,Gf4f5]}) 16. Bh4 bxc3 17. bxc3 Bxh4 18. Nxh4 Ne7 19. Nf3 Nb6 20.
Rab1 $16 {White has significient advantage due to controle over the b-file and
possibility to break through on the kingside by g4.} Bc6 21. Ng5 Na4 22. Rb4
Qc7 23. Bd1 (23. Rfb1 $2 {[%cal Ge2d1]} a5 $17 {[%csl Rb4]}) (23. g4 $5 hxg4
24. Nxg4 Nf5 25. Nf6+ Ke7 26. Bg4 $14) 23... Nb6 24. Rf3 $1 (24. g3 {[%cal
Gh2h3,Gg3g4]}) 24... a5 25. Rb2 $6 {It was better to keep the bishop on the
board.} (25. Rb1 $1 Rb8 26. Rh3 $16 {[%cal Gg2g4,Ge3g4,Gg4f6]}) 25... Na4 26.
Bxa4 Bxa4 27. Rh3 (27. Rf1 {[%cal Gf1b1]} O-O 28. g4 hxg4 29. Nxg4 Kg7 30. Nf6
Rh8 31. Rfb1 Bc6 $132) 27... Nc6 28. Ng4 O-O-O 29. Nf6 Qe7 30. Rf3 Kc7 31. Qc1
(31. Rf1 Rb8 32. Rfb1 Rxb2 33. Rxb2 Rb8 $2 34. Rxb8 Nxb8 35. f5 $16) 31... Na7
$1 $132 {Preparing the exchange of rooks on the b-file.} (31... Rb8 32. Rff2
Rxb2 33. Rxb2 Rb8 $6 34. Rxb8 Kxb8 35. f5 $1 gxf5 36. Nxh5 Kc7 37. Nf6 $18 {
[%cal Gh2h8]}) 32. h3 Bc6 33. Rff2 Rb8 34. g4 hxg4 35. hxg4 Nb5 36. Rh2 Qa3 37.
Rxh8 Rxh8 38. Rc2 (38. Nxf7 $2 Rh3 39. Ng5 Rxc3 40. Nxe6+ Kc8 $17) 38... Qf8
39. Rh2 Rxh2 40. Kxh2 a4 41. Kg3 Kb6 42. Nf3 Qa3 1/2-1/2